الجانب الاسلامي والوطني في ادب علي احمد باکثیر : دراسة تحلیلیة = Al-Janibul Islami wal watani fee Adabi Ali Ahmad Ba-kathir : Dirasah Tahliliyah = আল জানিবুল ইসলামী ওয়াল ওয়াত্বানী ফি আদাবি আলী আহমাদ বাকসির : দিরাসা তাহলিলিয়্যাহ = Islamic and nationalistic aspect in the literature of Ali Ahmad Ba-Kathir : an analytic study / (Record no. 248114)
[ view plain ]
| 000 -LEADER | |
|---|---|
| fixed length control field | 01180nam a22001937a 4500 |
| 003 - CONTROL NUMBER IDENTIFIER | |
| control field | BD-DhUL |
| 005 - DATE AND TIME OF LATEST TRANSACTION | |
| control field | 20190514102739.0 |
| 008 - FIXED-LENGTH DATA ELEMENTS--GENERAL INFORMATION | |
| fixed length control field | 171213s2018 bg ||||| |||| 00| 0 ara d |
| 040 ## - CATALOGING SOURCE | |
| Original cataloging agency | BD-DhUL |
| Transcribing agency | BD-DhUL |
| 082 ## - DEWEY DECIMAL CLASSIFICATION NUMBER | |
| Edition number | 23 |
| Classification number | 892.7 |
| Item number | FAJ |
| 100 3# - MAIN ENTRY--PERSONAL NAME | |
| Personal name | فخر الاسلام۔ |
| 245 0# - TITLE STATEMENT | |
| Title | الجانب الاسلامي والوطني في ادب علي احمد باکثیر : دراسة تحلیلیة = Al-Janibul Islami wal watani fee Adabi Ali Ahmad Ba-kathir : Dirasah Tahliliyah = আল জানিবুল ইসলামী ওয়াল ওয়াত্বানী ফি আদাবি আলী আহমাদ বাকসির : দিরাসা তাহলিলিয়্যাহ = Islamic and nationalistic aspect in the literature of Ali Ahmad Ba-Kathir : an analytic study / |
| Statement of responsibility, etc. | فخر الاسلام۔ |
| Medium | [MPhil. Thesis] |
| 260 ## - PUBLICATION, DISTRIBUTION, ETC. (IMPRINT) | |
| Place of publication, distribution, etc. | داکا : |
| Name of publisher, distributor, etc. | جامعة داکا، |
| Date of publication, distribution, etc. | ۲۰۱۸۔ |
| 300 ## - PHYSICAL DESCRIPTION | |
| Extent | [11], 130 p. : |
| Other physical details | ill. ; |
| Dimensions | 30 cm. |
| 502 ## - DISSERTATION NOTE | |
| Dissertation note | البحث (الماجستیر فی الفلسفة) - - قسم العربیة، جامعة داکا، ۲۰۱۸۔ |
| 650 #4 - SUBJECT ADDED ENTRY--TOPICAL TERM | |
| Topical term or geographic name as entry element | Arabic literature. |
| 650 #4 - SUBJECT ADDED ENTRY--TOPICAL TERM | |
| Topical term or geographic name as entry element | Ba-Kathir, Ali Ahmad. |
| 942 ## - ADDED ENTRY ELEMENTS (KOHA) | |
| Source of classification or shelving scheme | |
| Koha item type | Books |
| Price effective from | Date last seen | Permanent Location | Not for loan | Date acquired | Source of classification or shelving scheme | Koha item type | Lost status | Withdrawn status | Source of acquisition | Collection code | Damaged status | Shelving location | Barcode | Current Location | Full call number |
|---|---|---|---|---|---|---|---|---|---|---|---|---|---|---|---|
| 2019-05-13 | 2019-05-13 | Dhaka University Library | Not For Loan | 2018-11-06 | Books | Gift | Non Fiction | Rare Collection | 509370 | Dhaka University Library | 892.7 FAJ |
